000 00383pab a2200133 454500
008 180718b xxu||||| |||| 00| 0 eng d
100 _aBandyopadhyay P.K.
245 _aRemembering Jallian Wala Bagh and the Quit India Movement
362 _a37(21), 30 Nov 93, p.12-14, 28
650 _a Jallianwala Bagh Massacre
650 _aQuit India Movement
773 _aYojana
909 _a25481
999 _c25481
_d25481